000 00273nam a2200109Ia 4500
005 20251222152656.0
008 251222s9999||||xx |||||||||||||| ||spa||
082 _a232.8/G51
100 _aGiussani, Luigi
245 0 _aLos Orígenes de la Pretensión Cristiana
942 _cLIB
999 _c28659
_d28659